Statystyki dla Wiedźmin 3 - eliksiry, oleje i petardy

Kliknij tutaj aby rozwiązać quiz!

Ogólne statystyki

  • Ten quiz został rozwiązany 87 razy
  • Średni wynik to 17 z 36

Statystyki odpowiedzi

Odpowiedź% Poprawnych
Jaskółka
94%
Grom
82%
Kot
71%
Olej przeciw trupojadom
68%
Kartacz
66%
Olej przeciw wampirom
65%
Olej przeciw reliktom
63%
Olej przeciw upiorom
62%
Orka
60%
Puszczyk
60%
Zamieć
60%
Wilga
58%
Olej przeciw drakonidom
55%
Samum
55%
Biały Miód
54%
Olej przeciw przeklętym
54%
Olej przeciw hybrydom
51%
Olej przeciw zwierzętom
51%
Olej przeciw insektoidom
49%
Olej przeciw istotom magicznym
46%
Olej przeciw ogrowatym
46%
Czarna Krew
43%
Gwiazda tańcząca
42%
Jad Wisielców
42%
Dekokt Raffarda Białego
37%
Bomba dwimerytowa
35%
Północny Wiatr
32%
Filtr Petriego
31%
Czarcia Purchawa
28%
Las Mariborski
26%
Pełnia
26%
Księżycowy Pył
25%
Smoczy Sen
22%
Godzina Wilka
12%
Eliksir Oczyszczenia
11%
Eliksir Odwrócenia
6%

Rozkład punktacji

Percentyl według liczby udzielonych odpowiedzi

Procent ludzi z każdym wynikiem

Twoja historia wyników

Nie rozwiązałeś tego quizu